| 000 | 00893cab a2200181 4500 | ||
|---|---|---|---|
| 001 | ##L131211 | ||
| 008 | 051007n2005 000 0 eng u | ||
| 035 | _a(Sirsi) u131211 | ||
| 041 | 0 | _aeng | |
| 100 | 1 | _aWeight, David | |
| 245 | 0 | 0 | _aWhole-life costs |
| 260 | _c2005 | ||
| 490 | 0 |
_aBuilding _v270(38) 23 September 2005, 64-69(6) |
|
| 520 | _aHospital designers face major challenges in the light of the current tension between the economy of plan and operational flexibility required by the healthcare provider, and the quality of environment demanded by users of the building, particularly patients. The article uses a number of varying scenarios to examine the differences in capital, energy, and repair and maintenance costs between deep-plan, shallow-plan and courtyard-based hospital designs. | ||
| 590 | _aIKA111005 | ||
| 690 | _aBUILT ENVIRONMENT-BUILDING COSTS | ||
| 942 | _n0 | ||
| 999 |
_c75987 _d75987 |
||